| 000 | 00483nam a2200193 a 4500 | ||
|---|---|---|---|
| 001 | 1758099019417 | ||
| 003 | ACL | ||
| 005 | 20250917142338.0 | ||
| 008 | 250917s2001##################000#0#eng## | ||
| 020 | _a9780521780773 | ||
| 082 | 0 | 4 |
_a791.4575 _bDAV |
| 100 | 1 |
_aDavies, Maire Messenger, _eauthor. |
|
| 245 | 1 | 0 | _a'Dear BBC' : |
| 260 |
_bCambridge University Press, _c2001. |
||
| 300 | _a288 pages | ||
| 650 | 0 | _aSocial Science. | |
| 942 | _cENGLISH | ||
| 040 |
_aACL _beng _cACL |
||
| 999 |
_c587694 _d587694 |
||